EM Sieger - Sudden Death - Statistiken

Allgemein
  • Dieses Quiz wurde 2.918 mal gespielt
  • Das Durchschnittsergebnis liegt bei 5 aus 10
Answers on the Grid
Answers color-coded by a green-red scale on the quiz's grid according to % correct below.
Spanien
(BR) Deutschland
Italien
Frankreich
Sowjetunion
Portugal
Tschechoslowakei
Niederlande
Dänemark
Griechenland
Russland
Tschechien
Jugoslawien
DDR
England
Belgien
Ungarn
Schweden
Türkei
Wales
Schottland
Schweiz
Ungarn
Rumänien
Kroatien
 
Antwortstatistiken
Antwort % Korrekt
(BR) Deutschland
73%
Spanien
65%
Frankreich
64%
Italien
61%
Portugal
57%
Griechenland
51%
Niederlande
42%
Dänemark
38%
Sowjetunion
26%
Tschechoslowakei
24%
Keine übereinstimmenden Quizze gefunden
Verteilung der Resultate
Anzahl Personen mit jedem Resultat
Perzentil nach korrekt beantworteten Fragen
Ihre Resultats-Entwicklung
Sie haben dieses Quiz noch nicht gespielt